000 00617nam a2200181 4500
001 121270
003 ES-MaACL
007 t|
008 070214s1983 sp r ||||1| spa d
100 1 _aPoole, Lon.
_993078
245 1 0 _aAlgunos programas de uso común en basic
_b: edición para ATARI /
_cLon Poole, Mary Borchers, Steven Cook ; traducción de Sebastián Dormido Bencomo.
260 _aMadrid :
_bOsborne,
_c1983.
300 _a200 p. ;
_c28 cm.
700 1 _aBorchers, Mary.
_930371
700 1 _aCook, Steven.
_940356
700 1 _aDormido Bencomo, Sebastián.
_945412
852 _aES-MaACL
_jL-7488
_bR.107991
999 _c121270
_d121270